000 00264nam a2200109Ia 4500
008 190216s9999||||xx |||||||||||||| ||und||
100 _aArnold Bennett
245 0 _aFossil Sasya Shashthra Praveesham
260 _bBhasha Institute
650 _aBotany
942 _cBK
999 _c39466
_d39466